| 000 | 00000nam 2200000za 4500 |
| 001 | 9.653706 |
| 003 | CaOODSP |
| 005 | 20240422115119 |
| 007 | ta |
| 008 | 150407|1993||||xxc||||| f|0| 0 fre d |
| 020 | |a0-662-59704-4 |
| 040 | |aCaOODSP|bfre |
| 041 | |aeng |
| 041 | |afre |
| 043 | |an-cn--- |
| 086 | 1 |aS55-2/3-1993 |
| 110 | 1 |aCanada.|bSecrétariat d'État du Canada. |
| 245 | 10|aLoi sur les langues officielles: guide à l'intention des Canadiens / |cPublié conjointement par le Secrétariat d'État du Canada et le Ministère de la Justice Canada. |
| 260 | |aOttawa - Ontario : |bSecrétariat d'État du Canada |c1993. |
| 300 | |aTexte français, 24p. ; |c28 cm. |
| 546 | |aBilingue |
| 563 | |aCouverture souple |
| 590 | |a93-26|b1993-07-02 |
| 691 | 07|aLangue officielle|2gcpds |
| 776 | 0#|tLoi sur les langues officielles : |w(CaOODSP)9.937258 |
| 791 | |tOfficial Languages Act: a guide for Canadians / |eeng|w(CaOODSP)9.653705 |